000 00965caa a22002417a 4500
999 _c417814
_d417814
001 129921
003 UA-OsUOA
005 20200120143411.0
007 ta
008 20180331b un ||||| |||| 00| 0 ukr d
040 _aUA-OsUOA
_bukr
_cUA-OsUOA
_dUA-OsUOA
041 _aukr
080 _a908
090 _a908
_bС24
100 _aСвідерський Ю.
245 _aСтудент Володимир Трофимович на тлі епохи
_cЮ. Свідерський
300 _aС. 17–20
650 7 _a908 Краєзнавство
_2UDC
773 0 _0396277
_9415305
_dОстрог Острозька академія 2018
_o158448
_tНаукові записки Національного університету "Острозька академія". Серія "Історичні науки"
_w(UA-OsUOA) 129801
_x2409-6806
942 _cBKA
_2udc
955 _a1